Management Accounting (Record no. 1743)

MARC details
000 -LEADER
fixed length control field 00427nam a22001697a 4500
005 - DATE AND TIME OF LATEST TRANSACTION
control field 20180712114815.0
008 - FIXED-LENGTH DATA ELEMENTS--GENERAL INFORMATION
fixed length control field 160525b xxu||||| |||| 00| 0 eng d
020 ## - INTERNATIONAL STANDARD BOOK NUMBER
ISBN 81-297-0636-9
041 ## - LANGUAGE CODE
Language code of text/sound track or separate title eng
082 ## - DEWEY DECIMAL CLASSIFICATION NUMBER
Item number 4972
Classification number 658.1511
100 ## - MAIN ENTRY--AUTHOR NAME
Personal name Atkinson, Anthony .A & Others
245 ## - TITLE STATEMENT
Title Management Accounting
260 ## - PUBLICATION, DISTRIBUTION, ETC. (IMPRINT)
Place of publication New Delhi
Name of publisher Academic Faundation
300 ## - PHYSICAL DESCRIPTION
Number of Pages 583p,
650 ## - SUBJECT ADDED ENTRY--TOPICAL TERM
Topical Term Management
942 ## - ADDED ENTRY ELEMENTS (KOHA)
Koha item type Books
Holdings
Lost status Damaged status Collection code Home library Current library Shelving location Date acquired Cost, normal purchase price Full call number Accession Number Koha item type
    Reference JRU Library   SHELF-28-H 25/05/2016 295.00 658.1511 4972 Books
    MANAGEMENT JRU Library JRU Library SHELF-73-K 25/05/2016 295.00 658.1511 4973 Books
    MANAGEMENT JRU Library JRU Library SHELF-73-K 25/05/2016 295.00 658.1511 4974 Books
    MANAGEMENT JRU Library JRU Library SHELF-73-K 25/05/2016 295.00 658.1511 4975 Books
    MANAGEMENT JRU Library JRU Library SHELF-73-K 25/05/2016 295.00 658.1511 4976 Books